000 00694nam a2200217 u 4500
005 20240910063939.0
008 100428s2004 r 000 0 eng d
020 _a8420792322
035 _aUPN01000175610
049 _aI
050 4 _aPZ75
_bB3.38
100 1 _aBarrena García, Pablo,
_d1948-
_931673
245 1 3 _aEl cuaderno de Luismi :
_bo yo estuve allí y alguien no estuvo /
_cPablo Barrena ; il. Miguel Calatayud.
260 _aMadrid :
_bAnaya,
_c2004.
300 _a120 p. :
_bil.
440 0 _aSopa de libros ;
_v37.
_pA partir de 10 años
650 4 _aCuentos infantiles españoles
_97725
650 4 _aNiños en la literatura
_914415
905 _aLibro
999 _c147714
_d147714